Budynki, Struktury i Statuy najczęściej wyszukiwane - Statystyki

Ogólne statystyki
  • Ten quiz został rozwiązany 38 razy
  • Średni wynik to 6 z 50
Statystyki odpowiedzi
razy wyszukana Struktura % Poprawnych
36mln Statua Wolności
76%
33mln Wieża Eiffla
76%
14mln Big Ben
55%
24mln Koloseum
41%
46mln Tadź Mahal
41%
22mln Wielka Piramida w Gizie (Piramida Cheopsa)
31%
35mln Wielki Mur Chiński
31%
36mln Burdż Chalifa
28%
21mln Empire State Building
24%
20mln Biały Dom
21%
30mln Mur Berliński
21%
13mln Partenon
21%
17mln Hagia Sophia
17%
11mln Katedra Notre-Dame w Paryżu
14%
27mln Machu Picchu
14%
25mln Mount Rushmore National Memorial
14%
13mln Panteon w Rzymie
14%
25mln Stonehenge
14%
14mln Pałac Buckingham
10%
19mln Petra
10%
14mln Pomnik Chrystusa Odkupiciela w Rio de Janeiro
10%
10mln Zakazane Miasto
10%
21mln 1 World Trade Center
7%
15mln Angkor Wat
7%
16mln Kanał panamski
7%
16mln Most Golden Gate
7%
12mln Disneyland
3%
12mln Kolos Rodyjski
3%
9,5mln Taipei 101
3%
19mln Wielki Zderzacz Hadronów
3%
14mln Więzienie Guantanamo
3%
10mln ADX Florence
0%
7,6mln Akropol ateński
0%
7,9mln Biblioteka Aleksandryjska
0%
11mln Eurotunel
0%
8,5mln Kodeks Hammurabiego
0%
9,0mln Latarnia morska na Faros
0%
9,1mln Łuk Triumfalny w Paryżu
0%
8,5mln Most Brookliński
0%
12mln New York Stock Exchange
0%
9,8mln Opactwo Westminister
0%
8,8mln Port lotniczy Nowy Jork-John F. Kennedy
0%
8,1mln Posąg Zeusa w Olimpii
0%
11mln Stadion Wembley
0%
8,2mln Statua Jedności
0%
8,6mln Świątynia Artemidy w Efezie
0%
9,1mln Timbuktu
0%
9,5mln Walt Disney World
0%
10mln Willis Tower
0%
9,6mln Zamek Windsor
0%
Nie znaleziono quizów pasujących do podanych kryteriów
Rozkład punktacji
Procent ludzi z każdym wynikiem
Percentyl według liczby udzielonych odpowiedzi
Twoja historia wyników
Nie rozwiązałeś tego quizu